Los viajes de guliver /

Guardado en:
Autor Principal: Swift, Jonathan
Otros Autores: Guardia Massó, Pedro; int.
Formato: Libro
Publicado: Madrid : Planeta, 2001
Series:Biblioteca La Nación
Materias:
Etiquetas: Agregar Etiqueta
Sin Etiquetas, Sea el primero en etiquetar este registro!
LEADER 00626nam a22002055a 4500
001 CEM.cems013826
005 20130403162631.0
008 130507s2001##################000#0#####d
003 CEMS
020 |a 8408038273 
082 0 4 |a 823.5 
100 1 |a Swift, Jonathan 
245 1 0 |a Los viajes de guliver /  |c Jonathan Swift ; texto , Introducción y Notas de Pedro Guardia Massó 
260 |a Madrid :  |b Planeta,  |c 2001 
300 |a 271 p. 
490 0 |a Biblioteca La Nación 
653 |a Literatura inglesa 
653 |a Novela 
700 1 |a Guardia Massó, Pedro; int. 
859 |a CEMS  |b BIB. CEMS - 11 de abril  |h 823.5  |i Sw54-1  |p 26592.13  |t Ej.1